All Grand Slam Quarterfinals in the 2020s - Statistics

General Stats
  • This quiz has been taken 206 times
    108 since last reset
  • The average score is 154 of 192
Answer Stats
Year Tournament Round Player % Correct
2020 | 2021 | 2022 | 2023 Australian Open | Roland Garros | US Open | Wimbledon F | QF | SF | W Novak Djokovic
100%
QF | SF | W Rafael Nadal
100%
F | QF | SF | W Carlos Alcaraz
97%
F | QF | SF | W Daniil Medvedev
97%
F | QF | SF | W Jannik Sinner
97%
F | QF | SF Alexander Zverev
94%
F | SF Casper Ruud
94%
QF | SF Roger Federer
94%
QF Andrey Rublev
88%
F | QF | SF Taylor Fritz
88%
F | QF | W Dominic Thiem
85%
QF | SF Ben Shelton
79%
F | QF | SF Stefanos Tsitsipas
79%
QF | SF Félix Auger-Aliassime
76%
SF Jack Draper
76%
QF | SF Lorenzo Musetti
76%
F | QF Nick Kyrgios
76%
QF Alex de Minaur
73%
QF | SF Denis Shapovalov
73%
QF | SF Frances Tiafoe
73%
QF Gaël Monfils
70%
QF Holger Rune
70%
QF Stan Wawrinka
70%
QF | SF Tommy Paul
70%
QF | SF Karen Khachanov
67%
F | QF | SF Matteo Berrettini
67%
SF Marin Čilić
64%
QF | SF Pablo Carreño Busta
64%
QF Grigor Dimitrov
58%
QF | SF Hubert Hurkacz
58%
QF Learner Tien
58%
QF Alexander Bublik
55%
QF | SF Cameron Norrie
55%
QF | SF Diego Schwartzman
52%
SF Aslan Karatsev
48%
QF Flavio Cobolli
42%
QF Lorenzo Sonego
42%
QF Alejandro Davidovich Fokina
39%
QF Milos Raonic
39%
QF Borna Ćorić
36%
QF Jiří Lehečka
36%
QF David Goffin
33%
QF Sebastian Korda
30%
QF Botic van de Zandschulp
27%
QF Tennys Sandgren
27%
QF Christopher Eubanks
24%
QF Cristian Garín
24%
QF Márton Fucsovics
21%
QF Tomás Martín Etcheverry
21%
QF Roman Safiullin
18%
QF Lloyd Harris
12%
No matching quizzes found
Score Distribution
Percent of People with Each Score
Percentile by Number Answered
Your Score History
You have not taken this quiz since the last reset